000 00779nam a2200217Ii 4500
003 JO-AjNU
008 230605s9999||||xx |||||||||||||| ||und||
017 _a1998/5/771
040 _aJO-AjNU
_bara
_erda
_cJO-AjNU
041 _aara
050 1 4 _aKMM107.5.Q826.1998
100 3 _a القضاة، مفلح عواد ,
_eauthor
_946854
245 0 0 _aالشركة ذات المسؤولية المحدودة وشركة الشخص الواحد " دراسة مقارنة "
250 _aط1
264 3 1 _aعمان : مكتبة دار الثقافة ، 1998
300 _a143ص
336 _atext
_btxt
_2rdacontent
337 _aunmediated
_bn
_2rdamedia
338 _avolume
_bnc
_2rdacarrier
650 4 _aالعلوم الاجتماعية -- قانون الشركات
_946855
999 _aA20413
_c23981
_d23981